MARC

LEADER 00000nam0a2200000 4500
001 332564
005 20231102004452.0
035 |a (RuTPU)RU\TPU\book\358510 
035 |a RU\TPU\book\358507 
090 |a 332564 
100 |a 20170525d1890 k y0rusy50 ca 
101 0 |a rus  |a fre 
102 |a RU 
105 |a a z 001zy 
200 1 |a Каменноугольные отложения Подмосковного края и артезианские воды под Москвою  |f С. Н. Никитин 
210 |a Санкт-Петербург  |c Типография А. Якобсона  |d 1890 
215 |a 182 с.  |c с 3-мя палеонтологическими табл. 
225 1 |a Труды Геологического Комитета  |v Т. 5, № 5 
300 |a Резюме на фр. яз. в конце кн. 
316 |5 63413507: 18//640  |a На форзаце: "Библиотека С. Н. Кулибина" 
317 |5 63413507: 18//640  |a Поступила в НТБ в 1900 году в составе книжного собрания С. Н. Кулибина 
320 |a Таблицы к статье "Каменноугольные отложения Подмосковного края" в конце кн. 
510 1 |a Dépots Carboniféres et Puits Artésiens dans la Region de Moscou  |z fre 
606 1 |a Палеонтология  |2 stltpush  |3 (RuTPU)RU\TPU\subj\47998  |9 66880 
610 1 |a геологическое строение 
610 1 |a геологическое описание 
610 1 |a исторический очерк 
610 1 |a Подмосковье 
610 1 |a каменноугольные отложения 
610 1 |a артезианские воды 
610 1 |a каменноугольные пласты 
610 1 |a водоносные горизонты 
610 1 |a известняковые пласты 
610 1 |a библиотека С. Н. Кулибина 
675 |a 56  |v 4 
700 1 |a Никитин  |b С. Н.  |c русский ученый  |c геолог  |c географ  |c член-корреспондент Петербургской АН  |f 1851-1909  |g Сергей Николаевич  |2 stltpush  |3 (RuTPU)RU\TPU\pers\29773  |9 14250 
801 1 |a RU  |b 63413507  |c 20170517 
801 2 |a RU  |b 63413507  |c 20170525  |g RCR 
942 |c BK